000 01057nas a2200349 4500
001 BR2017000550
003 BR-BrBNA
005 20231205130835.0
007 ta
008 230509b bl.|||p| |||| 00| 00por d
040 _aBR-BrBNA
_bpor
_cBiblioteca Nacional de Agricultura
041 _a(En)
072 _aL02; L01
100 1 _aNascimento, E.S. do
100 1 _aLima, C.A.R. de
100 1 _aBrasil, R.J.M.
100 1 _aMachado, N. de J.B.
100 1 _aSousa, F.D. de R.
100 1 _aCorrêa, G. da S.S.
245 1 _aDigestible lysine for broiler chickens with lower genetic potential grown on free-range system
650 _aFRANGO DE CORTE
650 _aRAÇÃO
650 _aAMINOÁCIDO
650 _aEXIGÊNCIA NUTRICIONAL
650 _aGANHO DE PESO
650 _aRENDIMENTO
650 _aPERFORMANCE
650 _aCONFINAMENTO
773 0 _tCiência e Agrotecnologia (Brazil)
_xISSN 1413-7054
_g(Jul-Aug 2016), v. 40(4) p. 454-463
_wBR2017000550
909 _a202311
_bLúcia
_c55
_dLúcia Elande
942 _2AGRIS
_n0
_cANA
999 _c251579
_d251579